| 000 | 00620nam a2200193 a 4500 | ||
|---|---|---|---|
| 001 | 000047176 | ||
| 005 | 20201002053424.0 | ||
| 008 | 180418s2017 dr a 000 0 spa d | ||
| 020 | _a9789945124712 | ||
| 040 |
_aDO-SdBNP _bspa _cBNPHU |
||
| 082 |
_axxx _bP421f, 3ro., 2017 |
||
| 100 | 1 |
_aPepén, Teresa _974942 |
|
| 245 | 1 | 0 |
_aFormación integral, humana y religiosa 3 : _bsecundaria / _cSantiago Silega. |
| 260 |
_aSanto Domingo : _bSusaeta, _c2017. |
||
| 300 |
_a112 p. : _bil. ; _c29 cm. |
||
| 500 | _aEnfoque por competencias. Nuevo currículo | ||
| 500 | _aBibliografía: p. 112 | ||
| 590 | _aInventariado, 2018/MFF | ||
| 999 |
_c46664 _d46664 |
||